| 000 | 00415nam a22001457a 4500 | ||
|---|---|---|---|
| 082 |
_a668.02852 _bAME _cDonation |
||
| 100 |
_aDaniel C. McCoy _944908 |
||
| 245 | _aThe Refrigerating Data Book | ||
| 250 | _a1951 | ||
| 260 |
_aMenasha, Wisconin _bThe American Society of Refrigerating Engineers _c1951 |
||
| 300 | _a1118 P, : | ||
| 526 |
_a0 _b0 _c0 _d668_028520000000000_AME |
||
| 650 |
_aMCE _9379 |
||
| 942 |
_2ddc _cBK |
||
| 999 |
_c548562 _d548562 |
||